000
00309nam a2200145Ia 4500
100
_a
Rumelt/Richard
942
_c
BK
366
_f
20
245
_a
Good strategy and bad strategy
260
_b
Profile Books
_c
2011
082
_a
808.83
_b
RUM
300
_a
322
546
_a
ENGLISH
_c
Computers
999
_c
33556
_d
33556